5HLuxD.jpg

KING HENRY VIII SENIOR AND PRIMARY SCHOOL LIBRARY OPAC

Cows in the maze / (Record no. 299)

000 -LEADER
fixed length control field 01623cam a22003011a 4500
001 - CONTROL NUMBER
control field .b39234381
003 - CONTROL NUMBER IDENTIFIER
control field OCoLC
005 - DATE AND TIME OF LATEST TRANSACTION
control field 20190805145550.0
008 - FIXED-LENGTH DATA ELEMENTS--GENERAL INFORMATION
fixed length control field 090226s2010 enka b 001 0 eng
010 ## - LIBRARY OF CONGRESS CONTROL NUMBER
LC control number 2010920354
015 ## - NATIONAL BIBLIOGRAPHY NUMBER
National bibliography number GBA9C2443
Source bnb
020 ## - INTERNATIONAL STANDARD BOOK NUMBER
International Standard Book Number 9780199562077 (pbk.)
020 ## - INTERNATIONAL STANDARD BOOK NUMBER
International Standard Book Number 0199562075 (pbk.)
035 ## - SYSTEM CONTROL NUMBER
System control number (OCoLC)477256390
Canceled/invalid control number (OCoLC)255902890
040 ## - CATALOGING SOURCE
Original cataloging agency UKM
Transcribing agency UKM
Modifying agency DLC
-- BTCTA
-- YDXCP
-- BWKUK
-- BWK
-- CDX
-- BWX
-- VP@
-- ORX
-- LMR
-- COH
-- TTS
042 ## - AUTHENTICATION CODE
Authentication code nbic
050 #4 - LIBRARY OF CONGRESS CALL NUMBER
Classification number QA95
Item number S724
082 04 - DEWEY DECIMAL CLASSIFICATION NUMBER
Classification number 510 STE
Edition number 22
100 1# - MAIN ENTRY--PERSONAL NAME
Personal name Stewart, Ian,
Dates associated with a name 1945-
Relator term author
245 10 - TITLE STATEMENT
Title Cows in the maze /
Statement of responsibility, etc. Ian Stewart.
260 ## - PUBLICATION, DISTRIBUTION, ETC.
Place of publication, distribution, etc. Oxford ;
-- New York :
Name of publisher, distributor, etc. Oxford University Press,
Date of publication, distribution, etc. 2010.
300 ## - PHYSICAL DESCRIPTION
Extent xi, 306 p. :
Other physical details ill. ;
Dimensions 20 cm.
504 ## - BIBLIOGRAPHY, ETC. NOTE
Bibliography, etc. note Includes bibliographical references (p. [289]-296), webography (p. 287) and index.
505 0# - FORMATTED CONTENTS NOTE
Formatted contents note The lore and the lure of dice -- Pursuing polygonal privacy -- Making winning connections -- Jumping champions -- Walking with quadrupeds -- Tiling space with knots -- Forward to the future 1: Trapped in time! -- Forward to the future 2: Holes : black, white, and worm -- Forward to the future 3: Back to the past, with interest... -- Cone with a twist -- What shape is a teardrop? -- The interrogator's fallacy -- Cows in the maze -- Knight's tours on rectangles -- Cat's cradle calculus challenge -- Glass Klein bottles -- Cementing relationships -- Knotting ventured, knotting gained -- Most-perfect magic squares -- It can't be done! -- Dances with dodecahedra.
650 #0 - SUBJECT ADDED ENTRY--TOPICAL TERM
Topical term or geographic name entry element Mathematical recreations.
650 #0 - SUBJECT ADDED ENTRY--TOPICAL TERM
Topical term or geographic name entry element Mathematics
Form subdivision Popular works.
942 ## - ADDED ENTRY ELEMENTS (KOHA)
Source of classification or shelving scheme
Koha item type Books - Non Ficton
Holdings
Withdrawn status Lost status Source of classification or shelving scheme Damaged status Not for loan Collection code Permanent Location Current Location Shelving location Date acquired Full call number Barcode Date last seen Copy number Price effective from Koha item type
          Non-Fiction KH8 Senior School Library KH8 Senior School Library Non Fiction 2019-08-05 510 STE 3KHSL000101020 2019-08-05 1 2019-08-05 Books - Non Ficton
          Non-Fiction KH8 Senior School Library KH8 Senior School Library Non Fiction 2019-08-05 510 STE 3KHSL000100075 2023-07-04 2 2019-08-05 Books - Non Ficton
          Teaching Resources KH8 Senior School Library KH8 Senior School Library Staff Office 2023-10-02 510 STE TRKHSL003927 2023-10-02 3 2023-10-02 Teaching Resources

Powered By KH8 IT Dept